A nőnevelés és a lélektan

Elmentve itt :
Bibliográfiai részletek
Szerző: Imre Sándor
Dokumentumtípus: Cikk
Megjelent: 1913
Sorozat:Magyar pedagógia : a Magyar Tudományos Akadémia Pedagógiai Bizottságának folyóirata 22
Kulcsszavak:Nőnevelés Magyarorszá 1913, Nőnevelés
Online Access:http://misc.bibl.u-szeged.hu/9185
LEADER 00660nab a2200181 i 4500
001 misc9185
005 20191106143548.0
008 170607s1913 hu o 0|| hun d
022 |a 0025-0260 
040 |a SZTE Miscellanea Repozitórium  |b hun 
041 |a hun 
100 1 |a Imre Sándor 
245 1 2 |a A nőnevelés és a lélektan  |h [elektronikus dokumentum] /  |c  Imre Sándor 
260 |c 1913 
300 |a 623-628 
490 0 |a Magyar pedagógia : a Magyar Tudományos Akadémia Pedagógiai Bizottságának folyóirata  |v 22 
695 |a Nőnevelés Magyarorszá 1913, Nőnevelés 
856 4 0 |u http://misc.bibl.u-szeged.hu/9185/1/mp_1913_1960_623-628.pdf  |z Dokumentum-elérés